Hot art : chasing thieves and detectives through ... Read More
Available copies
- 1 of 1 copy available at LARL/NWRL Consortium.
- 1 of 1 copy available at Lake Agassiz Regional Library. (Show preferred library)
Current holds
0 current holds with 1 total copy.
Show Only Available Copies
| Location | Call Number / Copy Notes | Barcode | Shelving Location | Status | Due Date |
|---|---|---|---|---|---|
| Crookston Public Library | 364.1628 KNE (Text) | 33500010839686 | Main | Available | - |
Record details
- ISBN: 9781935639381 (pbk.)
- ISBN: 1935639382 (pbk.)
- ISBN: 1935639390 (ebook)
- ISBN: 9781935639398 (ebook)
- Physical Description: 342 pages ; 22 cm
- Edition: First U.S. edition.
- Publisher: Portland, Oregon : Tin House Books, 2012.
Content descriptions
| Formatted Contents Note: | Hollywood -- Law and disorder -- Egypt -- The art ... Read More |
| Summary, etc.: | "Hot Art traces Joshua Knelman's five-year ... Read More |
Search for related items by subject
| Subject: | Art thefts |
| LDR | 02640cam a2200409 i 4500 | ||
|---|---|---|---|
| 001 | 145090 | ||
| 003 | LARL_NWRL_CONSORTIUM | ||
| 005 | 20120816131617.0 | ||
| 008 | 111201s2012 oru 000 0 eng | ||
| 010 | . | ‡a2011049500 | |
| 020 | . | ‡a9781935639381 (pbk.) | |
| 020 | . | ‡a1935639382 (pbk.) | |
| 020 | . | ‡z9781935639398 (ebook) | |
| 020 | . | ‡a1935639390 (ebook) | |
| 020 | . | ‡a9781935639398 (ebook) | |
| 035 | . | ‡a(OCoLC)754723382 | |
| 040 | . | ‡aDLC ‡erda ‡beng ‡cDLC ‡dBTCTA ‡dBDX ‡dYDXCP ‡dOQX ‡dZJI ‡dCDX | |
| 042 | . | ‡apcc | |
| 050 | 0 | 0. | ‡aN8795 ‡b.K59 2012 |
| 082 | 0 | 0. | ‡a364.16/287 ‡223 |
| 100 | 1 | . | ‡aKnelman, Joshua. |
| 245 | 1 | 0. | ‡aHot art : ‡bchasing thieves and detectives through the secret world of stolen art / ‡cJoshua Knelman. |
| 250 | . | ‡aFirst U.S. edition. | |
| 260 | . | ‡aPortland, Oregon : ‡bTin House Books, ‡c2012. | |
| 300 | . | ‡a342 pages ; ‡c22 cm | |
| 336 | . | ‡atext ‡2rdacontent | |
| 337 | . | ‡aunmediated ‡2rdamedia | |
| 338 | . | ‡avolume ‡2rdacarrier | |
| 505 | 0 | . | ‡aHollywood -- Law and disorder -- Egypt -- The art thief -- Training days -- Brighton knockers -- Headache art -- Scotland Yard -- Business in London -- Caveat emptor -- LAPD confidential -- 9/11 -- Intelligence -- Montreal -- Art hostage -- Missing pieces. |
| 520 | . | ‡a"Hot Art traces Joshua Knelman's five-year immersion in the shadowy world of art theft, which takes him from Egypt to Los Angeles, New York to London, and back again, through a web of deceit, violence, and corruption. With a cool, knowing eye, Knelman delves into the lives of professionals such as Paul, a brilliant working-class kid who charmed his way into a thriving career organizing art thefts and running loot across the United Kingdom and beyond, and LAPD detective Donald Hrycyk, one of the few special investigators worldwide who struggle to keep pace with the evolving industry of stolen art. As he becomes more and more immersed in this world, Knelman learns that art theft is no fringe activity--it has evolved into one of the largest black markets in the world, which even Interpol and the FBI cannot contain. Sweeping and fast-paced, Hot Art is a major work of investigative journalism and a thrilling joyride into a mysterious criminal world"-- ‡cProvided by publisher. | |
| 650 | 0. | ‡aArt thefts ‡0(LARL_NWRL_CONSORTIUM)14031 | |
| 948 | . | ‡hNO HOLDINGS IN LAL - 245 OTHER HOLDINGS | |
| 994 | . | ‡aZ0 ‡bLAL | |
| 901 | . | ‡a145090 ‡bOCLC ‡c145090 ‡tbiblio | |

Add to basket
Permalink
Disable Highlighting